| 000 | 01255nam a2200229Ia 4500 | ||
|---|---|---|---|
| 001 | L200-54708 | ||
| 003 | IT-CnALBA | ||
| 008 | 170116s9999||||xx |||||||||||||| ||und|| | ||
| 040 |
_aIT-CnALBA _cIT-CnALBA |
||
| 041 | _aITALIANO | ||
| 100 | _aAA. VV. | ||
| 245 | 0 | _aVIVI NELLO SPIRITO. APPUNTI PER UN CAMMINO VOCAZIONALE. SUSSIDIO EDUCATORI 1978-79. | |
| 250 | _a1a ed. | ||
| 260 |
_aROMA _bAVE, ANONIMA VERITA'S EDITRICE _c1978 [1° Ed.:1978 - Ed.Ling.Originale: 1978] |
||
| 300 | _a242 p. | ||
| 500 | _aNATI DALLO SPIRITO. CONDOTTI DALLO SPIRITO. LIBERTÀ E LIBERAZIONE. ALLA SCOPERTA DEL LIBRO DELLA STORIA. STARE INSIEME. SESSUALITÀ E IMPEGNO. PROGETTO E SPERANZA. SOFFERENZA MISTERO VITA. IL FIDANZAMENTO. LO SPIRITO DI VITA NELLA PAROLA. PREGHIERA DEI FAN | ||
| 501 | _aSocietà San Paolo EM - Piazza San Paolo, 14 - 12051 ALBA (CN) (non commercial uses only) ® Copyright 2017 | ||
| 520 | _aNATI DALLO SPIRITO. CONDOTTI DALLO SPIRITO. LIBERTÀ E LIBERAZIONE. ALLA SCOPERTA DEL LIBRO DELLA STORIA. STARE INSIEME. SESSUALITÀ E IMPEGNO. PROGETTO E SPERANZA. SOFFERENZA MISTERO VITA. IL FIDANZAMENTO. LO SPIRITO DI VITA NELLA PAROLA. PREGHIERA DEI FAN | ||
| 650 | _aRELIGIONE - RELIGIONE CRISTIANA | ||
| 942 | _cBK | ||
| 957 | _71 | ||
| 999 |
_a72198 _bNO _g Copie: 1 _c313576 _d313576 |
||